| 000 | 00988nam a2200229 a 4500 | ||
|---|---|---|---|
| 001 | 71533 | ||
| 003 | BD-RjUL | ||
| 005 | 20211209082128.0 | ||
| 008 | 170504s1986 ii a|||| |||| 000 0 ben d | ||
| 020 | _c: Tk. 30.00 | ||
| 035 | _a(BD-RjUL)71749 | ||
| 040 |
_aBD-RjUL _bben _cBD-RjUL _dBD-RjUL |
||
| 041 | _aben | ||
| 082 |
_223 _a891.4409 _bSEC 1986 |
||
| 100 | 1 |
_aসেহানবীশ, চিম্মোহন _9211663 |
|
| 245 | 1 | 0 |
_a৪৬ নং : _bএকটি সাংস্কৃতিক আন্দলোন প্রসঙ্গে / _cচিম্মোহন সেহানবীশ |
| 260 |
_aকলকাতা : _bরিসার্চ ইণ্ডিয়া পাবলিকেশন, _c১৯৮৬ |
||
| 300 |
_a[৬], ২১৬ পৃ. ; _c২৭ সেমি. |
||
| 650 |
_aবাংলা সাহিত্য _xইতিহাস ও সমালোচনা _9211664 |
||
| 650 |
_aBengali Literature _xHistory and criticism _9211665 |
||
| 942 |
_2ddc _cBK |
||
| 999 |
_c71533 _d71533 |
||